Vocab Espagnol 6 - Statistiques

Statistiques générales
  • Ce quiz a été pris 7 fois
  • Le résultat moyen est 8 sur 45
Statistiques - réponses
Hint Réponse % Correct
se développer desarrollarse
71%
le meilleur el mejor
71%
montrer/enseigner enseñar
71%
la culture la cultura
71%
permettre permitir
57%
essayer/goûter probar
57%
terminer/finir terminar
57%
n'importe quel cualquier
43%
le programme el programa
43%
iberoamericain iberoamericano
43%
la route touristique la ruta turística
43%
demander le l'aide pedir ayuda
43%
proposer proponer
43%
les souvenirs los recuerdos
29%
l'oiseau (grand) el ave
14%
l'oiseau (petit) el pájaro
14%
la randonnée el senderismo
14%
continuer seguir
14%
abajo
0%
alsacia
0%
alsaciano
0%
arriba
0%
conquistar
0%
debajo de
0%
el francés
0%
el título
0%
encima de
0%
la derecha
0%
la frontera
0%
la influencia
0%
la izquierda
0%
la mezcla
0%
las pruebas
0%
lejos
0%
llevarse a cabo llevarse a cabo
0%
los exámenes
0%
navegar
0%
ordenar
0%
parecerse
0%
raíces
0%
raro/rara
0%
realmente
0%
sacar notas
0%
sonar
0%
tomar apuntes
0%
Aucun quiz correspondant
Distribution des résultats
% des personnes avec chaque résultat
Percentile par nombre de réponses
Votre historique - résultats
Vous n’avez pas pris ce quiz